Les services d'assistance technique et de formation du Fonds monetaire international.

Cette brochure presente les services d'assistance technique et de formation assures par le FMI. Elle souligne le fait que la responsabilite particuliere du FMI en matiere d'assistance technique - tout comme la necessite pour les pays membres de pouvoir en beneficier - provient de l'im...

Повний опис

Бібліографічні деталі
Співавтор: International Monetary Fund
Формат: Журнал
Мова:English
Опубліковано: Washington, D.C. : International Monetary Fund, 1985.
Серія:Pamphlet Series; Pamphlet Series, ; No. 43
Онлайн доступ:Full text available on IMF
LEADER 01848cas a2200253 a 4500
001 AALejournalIMF005407
008 230101c9999 xx r poo 0 0eng d
020 |c 5.00 USD 
020 |z 9781451943658 
022 |a 0252-2985 
040 |a BD-DhAAL  |c BD-DhAAL 
110 2 |a International Monetary Fund. 
240 1 0 |a Les services d'assistance technique et de formation du Fonds monetaire international.  |l French 
245 1 0 |a Les services d'assistance technique et de formation du Fonds monetaire international. 
264 1 |a Washington, D.C. :  |b International Monetary Fund,  |c 1985. 
300 |a 1 online resource (44 pages) 
490 1 |a Pamphlet Series 
500 |a <strong>Off-Campus Access:</strong> No User ID or Password Required 
500 |a <strong>On-Campus Access:</strong> No User ID or Password Required 
506 |a Electronic access restricted to authorized BRAC University faculty, staff and students 
520 3 |a Cette brochure presente les services d'assistance technique et de formation assures par le FMI. Elle souligne le fait que la responsabilite particuliere du FMI en matiere d'assistance technique - tout comme la necessite pour les pays membres de pouvoir en beneficier - provient de l'importance que revet une bonne gestion economique et financiere et du lien etroit qui existe entre la politique et les mecanismes financiers d'un pays et la gestion de sa balance des paiements. Les types d'assistance fournie, generalement dans les domaines des activites des banques centrales, du budget, et des statistiques economiques et financieres, temoignent de l'existence de ce lien. 
538 |a Mode of access: Internet 
830 0 |a Pamphlet Series; Pamphlet Series, ;  |v No. 43 
856 4 0 |z Full text available on IMF  |u http://elibrary.imf.org/view/books/054/06745-9781451943658-fr/06745-9781451943658-fr-book.xml  |z IMF e-Library